| 000 | 00434 a2200109 4500 | ||
|---|---|---|---|
| 001 | ART_41541 | ||
| 005 | 20260410162023.0 | ||
| 008 | 260409a | ||
| 245 | 1 | 0 | _aEl derecho de propiedad en la Argentina a través de la interpretación de la Corte Suprema de Justicia de la Nación |
| 100 | 1 | _aBasterra, Marcela I. | |
| 773 | 0 |
_tRevista Iberoamericana de derecho constitucional _g- Año I, Nº 1 (nov. 2003) _wREV41515 |
|
| 999 |
_c33281 _d33281 |
||